000 00931 a2200277 4500
003 Nust
005 20170207154013.0
020 _a0-471-22109-0
020 _a978-0-471-22109-8
040 _cNust
082 0 4 _a621.382
100 1 _aVan Trees, Harry L.
245 0 0 _aDetection, estimation, and modulation theory-(E-BOOK)
_h[Elektronisk resurs]
_nPart 3,
_pMCSRadar-sonar signal processing and Gaussian signals in noise /
_cHarry L. van Trees
250 _a[New ed.]
260 _aNew York :
_bWiley,
_c2002
300 _a626 s. :
_bill.
500 _aE-bok
500 _aOriginally published: 1971
650 7 _aEstimation theory
650 7 _aModulation theory
650 7 _aTelecommunication
650 7 _aTelecommunication engineering.
650 7 _aTelekommunikation
740 0 _aRadar-sonar signal processing and Gaussian signals in noise
856 4 0 _uhttp://www3.interscience.wiley.com/cgi-bin/booktoc?ID=91015691
942 _2ddc
_cBK
999 _c191286
_d191286